Geneder Nature and Nurture (Record no. 6001)
[ view plain ]
| 000 -LEADER | |
|---|---|
| fixed length control field | 00406nam a22001697a 4500 |
| 003 - CONTROL NUMBER IDENTIFIER | |
| control field | OSt |
| 005 - DATE AND TIME OF LATEST TRANSACTION | |
| control field | 20220303102930.0 |
| 008 - FIXED-LENGTH DATA ELEMENTS--GENERAL INFORMATION | |
| fixed length control field | 210922b |||||||| |||| 00| 0 eng d |
| 020 ## - INTERNATIONAL STANDARD BOOK NUMBER | |
| International Standard Book Number | 0805836063 |
| 040 ## - CATALOGING SOURCE | |
| Transcribing agency | hu |
| 082 ## - DEWEY DECIMAL CLASSIFICATION NUMBER | |
| Classification number | 155.3`3LIP2002 |
| 100 ## - MAIN ENTRY--PERSONAL NAME | |
| Personal name | A.LIPPA RICHARD |
| 9 (RLIN) | 6193 |
| 245 ## - TITLE STATEMENT | |
| Title | Geneder Nature and Nurture |
| 260 ## - PUBLICATION, DISTRIBUTION, ETC. | |
| Place of publication, distribution, etc. | LONDON |
| Name of publisher, distributor, etc. | LEA |
| Date of publication, distribution, etc. | 2002 |
| 300 ## - PHYSICAL DESCRIPTION | |
| Extent | xvii 286 |
| Other physical details | pc |
| Dimensions | 23 |
| 942 ## - ADDED ENTRY ELEMENTS (KOHA) | |
| Source of classification or shelving scheme | Dewey Decimal Classification |
| Koha item type | Books like text book referance book |
| Suppress in OPAC | No |
| Withdrawn status | Lost status | Source of classification or shelving scheme | Damaged status | Not for loan | Collection code | Home library | Current library | Shelving location | Date acquired | Total Checkouts | Full call number | Barcode | Date last seen | Copy number | Price effective from | Koha item type | Source of acquisition |
|---|---|---|---|---|---|---|---|---|---|---|---|---|---|---|---|---|---|
| Dewey Decimal Classification | College of Agriculture Library | College of Agriculture Library | 07/15/2022 | 155.33/LIP | ALIB0000210 | 07/15/2022 | 1 | 07/15/2022 | Books like text book referance book | ||||||||
| Dewey Decimal Classification | College of Agriculture Library | College of Agriculture Library | 07/15/2022 | 155.33/LIP | ALIB0000211 | 07/15/2022 | 2 | 07/15/2022 | Books like text book referance book | ||||||||
| Dewey Decimal Classification | College of Agriculture Library | College of Agriculture Library | 07/15/2022 | 155.33/LIP | ALIB0000212 | 07/15/2022 | 07/15/2022 | Books like text book referance book | |||||||||
| Dewey Decimal Classification | College of Agriculture Library | College of Agriculture Library | 07/15/2022 | 155.33/LIP | ALIB0000213 | 07/15/2022 | 4 | 07/15/2022 | Books like text book referance book | ||||||||
| Dewey Decimal Classification | Natural & Computational Science Library | Natural & Computational Science Library | General Stacks | 10/08/2021 | 155.3'3/LIP | NSCLIB000017441 | 10/08/2021 | 1 | 10/08/2021 | Books like text book referance book | |||||||
| Dewey Decimal Classification | Social Library | Social Library | General Stacks | 10/05/2021 | 155.3.3/LIP | 10/05/2021 | 10/05/2021 | Books like text book referance book | 6 | ||||||||
| Dewey Decimal Classification | Social Library | Social Library | General Stacks | 10/05/2021 | 155..3.3/LIP | SHLIB00000767 | 10/05/2021 | 6 | 10/05/2021 | Books like text book referance book | |||||||
| Dewey Decimal Classification | Social Library | Social Library | General Stacks | 10/05/2021 | 155.3.3/LIP | SHLIB00000769 | 10/05/2021 | 7 | 10/05/2021 | Books like text book referance book | |||||||
| Dewey Decimal Classification | Reference | Wondo Genet Library | Wondo Genet Library | General Stacks | 09/22/2021 | 155.3`3 LIP 2002 | WGCFNRL00001236 | 09/22/2021 | 1 | 09/22/2021 | Books like text book referance book | ||||||
| Dewey Decimal Classification | Reference | Wondo Genet Library | Wondo Genet Library | General Stacks | 09/22/2021 | 155.3`3 LIP 2002 | WGCFNRL00001237 | 09/22/2021 | 2 | 09/22/2021 | Books like text book referance book | ||||||
| Dewey Decimal Classification | Reference | Wondo Genet Library | Wondo Genet Library | General Stacks | 09/22/2021 | 155.3`3 LIP 2002 | WGCFNRL00001238 | 09/22/2021 | 3 | 09/22/2021 | Books like text book referance book | ||||||
| Dewey Decimal Classification | Reference | Wondo Genet Library | Wondo Genet Library | General Stacks | 09/22/2021 | 155.3`3 LIP 2002 | WGCFNRL00001239 | 09/22/2021 | 4 | 09/22/2021 | Books like text book referance book | ||||||
| Dewey Decimal Classification | Reference | Wondo Genet Library | Wondo Genet Library | General Stacks | 09/22/2021 | 155.3`3 LIP 2002 | WGCFNRL00001240 | 09/22/2021 | 5 | 09/22/2021 | Books like text book referance book |